Výpočetní a řídicí technika

Salvato in:
Dettagli Bibliografici
Autore principale: Krištoufek, Karel
Natura: Libro
Lingua:ceco
Pubblicazione: Praha Státní nakladatelství technické literatury 1982
Serie:Oborové encyklopedie SNTL
Tags: Aggiungi Tag
Nessun Tag, puoi essere il primo ad aggiungerne!!

MARC

LEADER 00000nam a2200000 4500
001 c106107
005 20221207071115.3
041 0 |a cze 
044 |a CZ 
245 1 0 |a Výpočetní a řídicí technika  |c Karel Krištoufek a kol. 
264 1 |a Praha  |b Státní nakladatelství technické literatury  |c 1982 
300 |a 372 s.  |e príl. 
490 1 |a Oborové encyklopedie SNTL 
830 0 |a Oborové encyklopedie SNTL 
100 1 |a Krištoufek, Karel